| 000 | 00962nam a2200253 i 4500 | ||
|---|---|---|---|
| 001 | 57431 | ||
| 003 | ES-MaACL | ||
| 005 | 20250328181250.0 | ||
| 007 | t| | ||
| 008 | 031016s1950 sp ||||1| spa d | ||
| 100 | 1 |
_aDoenecke, Helmut. _944984 |
|
| 245 | 1 | 0 |
_aCólicos del caballo / _cHelmut Doenecke ; versión directa de la 2ª edición alemana por Juan García Cobacho. |
| 250 | _a1ª ed. | ||
| 260 |
_aMadrid : _bCultura Clásica y Moderna, _c1950 ( _fCosano) |
||
| 300 |
_a441 p. ; _c22 cm. |
||
| 510 |
_aCCPB, _c001021708-8 |
||
| 650 | 4 |
_aCaballos- _xEnfermedades. _9148590 |
|
| 700 | 1 |
_aGarcía Cobacho, Juan. _954374 |
|
| 852 |
_aES-MaACL _jD-6314 _959642 _bR.30297 _bR.M.5909 _cSVI _fSello en tinta azul de la Biblioteca del Ateneo de Madrid |
||
| 942 |
_2udc _cMONOGRAFIA |
||
| 999 |
_c57431 _d57431 |
||